| 000 | 00597nam a2200241Ia 4500 | ||
|---|---|---|---|
| 003 | OSt | ||
| 005 | 20221005084434.0 | ||
| 006 | a|||||r|||| 00| 0 | ||
| 007 | ta | ||
| 008 | 221004b |||||||| |||| 00| 0 eng d | ||
| 024 | _a76953 | ||
| 037 | _cTextual | ||
| 040 |
_aCRL _cCRL _beng |
||
| 041 |
_2eng _aeng |
||
| 082 | _aV42.4H.N45, H6 | ||
| 100 | _aHersey John | ||
| 245 | 0 | _aHiroshima | |
| 260 |
_aNew York _bAlfred .A. Knopf USA _c1946 |
||
| 300 |
_a117p. _ccm. |
||
| 650 | _aHISTORY | ||
| 942 |
_hV42.4H.N45, H6 _cTEXL _2cc |
||
| 999 |
_c992604 _d992604 |
||